| 000 | 00621nam a22001937a 4500 | ||
|---|---|---|---|
| 003 | OSt | ||
| 005 | 20120302143907.0 | ||
| 008 | 090122t xxu||||| |||| 00| 0 eng d | ||
| 035 | _a९३ | ||
| 040 | _cमराठी | ||
| 100 |
_aकानेटकर , वसंत _9309 |
||
| 245 | _aप्रेमा तुझा रंग कसा ? | ||
| 250 | _a१९६२ २ री | ||
| 260 |
_aमुंबई _bपॉप्युलर |
||
| 300 | _b११२ पाने | ||
| 600 |
_aकानेटकर , वसंत _9310 |
||
| 700 |
_aकानेटकर , वसंत _9311 |
||
| 942 |
_2ddc _cBOOK |
||
| 999 |
_c486057 _d486054 |
||